000 01598nam a2200397 i 4500
001 196590
003 ES-MaACL
005 20251009201247.0
007 ta
008 24100 s1989 it 000 0 ita d
035 _a(ES-GrU)b17356751-34cbua_ugr
035 _a991005783149704990
040 _aUGR
_bspa
_cES-MaACL
_dES-MaACL
080 _aPRJ
245 0 0 _aDesde el mirador /
_cedición, Giancarlo Depretis
246 _a50º Anniversario della morte di Antonio Machado
260 _a[Torino :
_bUniversità di Torino,
_bDipartimento di Scienze Letterarie e Filologiche,
_c1989].
300 _a[36] p.;
_c24 cm
336 _2rdacontent
_atexto
337 _2rdamedia
_asin mediación
338 _2rdacarrier
_avolumen
500 _aNotiziario dell´Anno Machadiano 1 / 50º Anniversario della morte di Antonio Machado
546 _aTextos en español e italiano
561 _aBJS/PR ANN ann.
_bBiblioteca José Saramago
600 0 _aMachado, Antonio,
_d1875-1939-
_vCongresos y asambleas
_9239094
650 4 _916177
_aPoesía española-
_yS.XX
655 7 _2tgfbne
_9226850
_aHomenajes
700 _aDepretis, Giancarlo,
_9235690
_d1942-
_eedt
710 2 _aConvegno Internazionale Antonio Machado verso L'Europa.
_d1990.
_cTorino
_9239092
852 _aES-MaACL
_cDEPOF
_jFOLL-BUE-52
_hLegado: Antonio Buero Vallejo
_9204309
903 _932421
_aBuero Vallejo, Antonio,
_q1
_d1916-2000
_ednr
942 _n0
_cFOLLETOS
999 _c196590
_d196590